[Event "AUTO-INT-3519"]
[Site "http://www.queenalice.com/game.php?id=1617993"]
[Date "2020.6.25"]
[Round "2"]
[White "bishoprknight"]
[Black "Petr"]
[Result "0-1"]
[WhiteElo "1685"]
[BlackElo "2034"]

1. e4 c5 2. Nf3 d6 3. d4 cxd4 4. Nxd4 Nf6 5. Nc3 a6 6. Bg5 Nbd7 7. f4 g6 8. Qf3
Bg7 9. O-O-O Nc5 10. Bxf6 Bxf6 11. Nd5 Bxd4 12. Rxd4 O-O 13. h3 b5 14. b4 Ne6
15. Rd1 Bb7 16. g4 Rc8 17. Bg2 Nc7 18. Nxc7 Qxc7 19. Qd3 Rfd8 20. Rd2 Qc4 21.
Qxc4 Rxc4 22. a3 Bxe4 23. Bxe4 Rxe4 0-1

[Event "AUTO-INT-3524"]
[Site "http://www.queenalice.com/game.php?id=1618745"]
[Date "2020.7.1"]
[Round "2"]
[White "ggteste1"]
[Black "bishoprknight"]
[Result "0-1"]
[WhiteElo "1784"]
[BlackElo "1751"]

1. e4 c5 2. Nc3 Nc6 3. Bc4 e6 4. Nf3 d6 5. O-O Nf6 6. a3 Be7 7. d4 cxd4 8. Nxd4
O-O 9. f4 Bd7 10. Be3 Nxd4 11. Bxd4 Rc8 12. Ba2 Bc6 13. b4 Nxe4 14. Qg4 Bf6 15.
Ne2 Bxd4+ 16. Nxd4 Bd7 17. f5 Nf6 18. Qf4 e5 19. Qg3 exd4 20. Rac1 Qb6 21. Kh1
Ne4 22. Qd3 Nc3 23. Bc4 Rc7 24. f6 g6 25. Qd2 Ne4 26. Qh6 Nxf6 27. Rxf6 Rxc4 28.
Qf4 Rc6 29. Rf1 Be8 30. Re6 Rc8 31. Rxd6 Qc7 32. Qxd4 Qxc2 33. Qxa7 Bc6 34. Qf2
Qxf2 35. Rxf2 Rfe8 36. h3 Re1+ 37. Kh2 Rce8 38. Rdf6 R8e2 39. Rxf7 Rxf2 40. Rxf2
Ra1 41. Rb2 Rxa3 42. b5 Bd5 43. b6 Ra2 44. Rxa2 Bxa2 45. g4 Kf7 46. Kg3 Ke6 47.
Kf4 Kd6 48. h4 Kc6 49. Kg5 Be6 50. h5 gxh5 51. Kxh5 Kxb6 52. g5 Bf5 53. Kh6 Kc5
54. Kg7 b5 55. Kf6 Bg6 56. Ke5 b4 57. Kf4 b3 0-1

[Event "AUTO-INT-3524"]
[Site "http://www.queenalice.com/game.php?id=1618746"]
[Date "2020.7.1"]
[Round "2"]
[White "bishoprknight"]
[Black "ggteste1"]
[Result "0-1"]
[WhiteElo "1661"]
[BlackElo "1857"]

1. e4 e5 2. Nf3 Nc6 3. d4 d6 4. dxe5 dxe5 5. Qxd8+ Kxd8 6. Bd3 Nf6 7. O-O Bc5 8.
Nc3 Re8 9. Bg5 Re6 10. Rfd1 Nd4 11. Nxd4 exd4 12. Bxf6+ Rxf6 13. Nd5 Rg6 14. f4
Bh3 0-1

[Event "AUTO-INT-3524"]
[Site "http://www.queenalice.com/game.php?id=1618749"]
[Date "2020.7.1"]
[Round "2"]
[White "bishoprknight"]
[Black "balu"]
[Result "1-0"]
[WhiteElo "1674"]
[BlackElo "1692"]

1. e4 e5 2. Nf3 Nc6 3. d4 exd4 4. Nxd4 Nxd4 5. Qxd4 b6 6. Bc4 Nh6 7. Bxh6 c5 8.
Qd5 Qe7 9. Qxa8 Kd8 10. Bf4 g6 11. Qxa7 Qxe4+ 12. Be2 Qb7 13. Qxb7 Bxb7 14. O-O
Bg7 15. Nc3 Re8 16. Bb5 h5 17. Rad1 Bd4 18. Rxd4 cxd4 19. Na4 Re4 20. g3 f6 21.
Nxb6 g5 22. Bd3 gxf4 23. Bxe4 Bxe4 24. Rd1 Bxc2 25. Rxd4 fxg3 26. Rxd7+ Ke8 27.
hxg3 Bf5 28. Rd5 Be6 29. Rxh5 Bxa2 30. b4 Bb1 31. b5 f5 32. Kg2 Kf7 33. Nd5 Ke6
34. b6 Kxd5 35. b7 1-0

[Event "AUTO-INT-3524"]
[Site "http://www.queenalice.com/game.php?id=1618750"]
[Date "2020.7.1"]
[Round "2"]
[White "balu"]
[Black "bishoprknight"]
[Result "0-1"]
[WhiteElo "1752"]
[BlackElo "1665"]

1. e4 c5 2. Bc4 e6 3. Nf3 Nc6 4. c3 d6 5. d4 cxd4 6. cxd4 Nf6 7. O-O Be7 8. Nc3
O-O 9. d5 exd5 10. exd5 Ne5 11. Nxe5 dxe5 12. a3 a6 13. b4 b5 14. Bb3 Bb7 15.
Be3 Qd6 16. Bc5 Qd7 17. Bxe7 Qxe7 18. d6 Qd7 19. Nd5 Bxd5 20. Bxd5 Rac8 21. h3
Rcd8 22. Re1 Nxd5 23. Qxd5 Qxd6 24. Qxd6 Rxd6 25. Rxe5 Re6 26. Rae1 Rxe5 0-1

[Event "AUTO-INT-3521"]
[Site "http://www.queenalice.com/game.php?id=1624305"]
[Date "2020.8.20"]
[Round "2"]
[White "NickThorp"]
[Black "bishoprknight"]
[Result "0-1"]
[WhiteElo "1587"]
[BlackElo "1741"]

1. e4 c5 2. Nc3 Nc6 3. Nf3 a6 4. Bc4 e6 5. O-O d6 6. d4 cxd4 7. Nxd4 Nf6 8. Bg5
Be7 9. Nxc6 bxc6 10. Re1 O-O 11. e5 dxe5 12. Qxd8 Rxd8 13. Rxe5 h6 14. Bh4 Rd4
15. b3 Rxh4 16. h3 Bd6 17. Re2 Bb4 18. Na4 Bd7 19. Nb6 Rb8 20. Nxd7 Nxd7 21. a3
Be7 22. Rae1 a5 23. a4 Bb4 24. Rd1 Nb6 25. Re3 Nxc4 26. bxc4 Rxc4 27. Red3 Rxc2
28. f3 Bc5+ 29. Kh2 Rbb2 30. Rd8+ Kh7 31. R8d3 Rxg2+ 32. Kh1 Rh2# 0-1

[Event "AUTO-INT-3521"]
[Site "http://www.queenalice.com/game.php?id=1624306"]
[Date "2020.8.20"]
[Round "2"]
[White "bishoprknight"]
[Black "NickThorp"]
[Result "0-1"]
[WhiteElo "1696"]
[BlackElo "1548"]

1. e4 e5 2. Nf3 Nc6 3. d4 exd4 4. Nxd4 Nxd4 5. Qxd4 d6 6. Nc3 Nf6 7. Bc4 c5 8.
Qd3 Be7 9. O-O h6 10. Re1 O-O 11. b3 b6 12. Bb2 a6 13. e5 dxe5 14. Qxd8 Bxd8 15.
Rxe5 b5 16. Bd3 Bc7 17. Rxc5 Bb6 18. Rc6 Bd4 19. a4 bxa4 20. Rxa4 Bd7 21. Raxa6
Bxc6 22. Rxc6 Bxc3 23. Bxc3 Nd5 24. Kf1 Nxc3 25. Rxc3 Rfe8 0-1

[Event "AUTO-INT-3521"]
[Site "http://www.queenalice.com/game.php?id=1624307"]
[Date "2020.8.20"]
[Round "2"]
[White "Petr"]
[Black "bishoprknight"]
[Result "0-1"]
[WhiteElo "1940"]
[BlackElo "1776"]

1. e4 c5 2. Nf3 d6 3. d4 cxd4 4. Nxd4 Nf6 5. Nc3 a6 6. Bc4 e6 7. O-O Be7 8. Bg5
O-O 9. Qf3 Nc6 10. Nxc6 bxc6 11. Rad1 h6 12. Bf4 e5 13. Bxh6 gxh6 14. Qg3+ Kh8
15. Qh4 Ng8 16. Qh5 Qe8 17. Be2 Be6 18. Bg4 Bxg4 19. Qxg4 Nf6 20. Qh4 Ng8 21.
Qg3 Qd8 22. Kh1 Bh4 23. Qe3 Rb8 24. b3 Be7 25. Ne2 Bg5 26. Qd3 Be7 27. Qxa6 c5
28. Qc4 Rb4 29. Qc3 Rxe4 30. Ng3 Rd4 31. a4 Rxd1 32. Rxd1 Qd7 33. Qxe5+ dxe5 34.
Rxd7 Rd8 35. Rxd8 Bxd8 36. Nf5 Kh7 37. Nd6 f6 38. Nb7 Bb6 39. a5 Ba7 40. c3 Ne7
41. b4 cxb4 42. cxb4 Bxf2 43. Nd8 e4 0-1

[Event "AUTO-INT-3521"]
[Site "http://www.queenalice.com/game.php?id=1624308"]
[Date "2020.8.20"]
[Round "2"]
[White "bishoprknight"]
[Black "Petr"]
[Result "1-0"]
[WhiteElo "1691"]
[BlackElo "1983"]

1. e4 c5 2. Nf3 d6 3. d4 cxd4 4. Nxd4 Nf6 5. Nc3 a6 6. Bg5 e5 7. Bxf6 Qxf6 8.
Nf3 Be6 9. Bd3 Be7 10. O-O O-O 11. Nd5 Bxd5 12. exd5 Nd7 13. Re1 Nb6 14. c4 Rac8
15. Rc1 Rc5 16. Qb3 Bd8 17. Nd2 Qe7 18. Ne4 Rc8 19. Qb4 f5 20. Nxd6 Rb8 21. c5
Nxd5 22. Bc4 Kh8 23. Bxd5 b5 24. f4 e4 25. Qd4 Bc7 26. Bb3 Rbd8 27. Rcd1 Rd7 28.
Re2 h6 29. Red2 Kh7 30. Nxf5 Rxd4 31. Nxe7 Rxd2 32. Rxd2 Rxf4 33. Bc2 Kh8 34.
Ng6+ 1-0

[Event "AUTO-ADV-4413"]
[Site "http://www.queenalice.com/game.php?id=1630681"]
[Date "2020.10.23"]
[Round "1"]
[White "Esvir"]
[Black "bishoprknight"]
[Result "1-0"]
[WhiteElo "2020"]
[BlackElo "1799"]

1. d4 Nf6 2. Nf3 e6 3. c4 d5 4. e3 Nbd7 5. a3 Bd6 6. Be2 O-O 7. O-O c5 8. Nc3
cxd4 9. Nxd4 e5 10. Nf5 Bc7 11. cxd5 Nb6 12. e4 Bxf5 13. exf5 e4 14. Qb3 Be5 15.
Bg5 Bxc3 16. bxc3 1-0

[Event "AUTO-ADV-4413"]
[Site "http://www.queenalice.com/game.php?id=1630682"]
[Date "2020.10.23"]
[Round "1"]
[White "bishoprknight"]
[Black "Esvir"]
[Result "0-1"]
[WhiteElo "1792"]
[BlackElo "2027"]

1. e4 e5 2. Nf3 Nc6 3. d4 exd4 4. Nxd4 Qf6 5. Nxc6 Bc5 6. Qe2 Qxc6 7. Nc3 a6 8.
Be3 d6 9. Bxc5 Qxc5 10. O-O-O Ne7 11. Qd2 O-O 12. f3 Be6 13. Kb1 b5 14. Qd4 Nc6
15. Qxc5 dxc5 16. g4 Nd4 17. Bg2 c6 0-1

[Event "AUTO-ADV-4413"]
[Site "http://www.queenalice.com/game.php?id=1630695"]
[Date "2020.10.23"]
[Round "1"]
[White "legorille"]
[Black "bishoprknight"]
[Result "1-0"]
[WhiteElo "1774"]
[BlackElo "1785"]

1. e4 c5 2. Nf3 d6 3. Bc4 e6 4. O-O Nc6 5. a3 Nf6 6. Nc3 Be7 7. d3 O-O 8. Bg5 h6
9. Bh4 a6 10. Re1 b5 11. Ba2 Bb7 12. h3 Nd4 13. Nxd4 cxd4 14. Ne2 e5 15. Rc1 a5
16. Qd2 Qb6 17. Ng3 Rfe8 18. Nf5 1-0

[Event "AUTO-ADV-4413"]
[Site "http://www.queenalice.com/game.php?id=1630696"]
[Date "2020.10.23"]
[Round "1"]
[White "bishoprknight"]
[Black "legorille"]
[Result "0-1"]
[WhiteElo "1769"]
[BlackElo "1790"]

1. e4 e5 2. Nf3 d6 3. d4 exd4 4. Nxd4 Nf6 5. Nc3 Be7 6. Bc4 O-O 7. O-O a6 8. Re1
Bd7 9. Bg5 h6 10. Bxf6 Bxf6 11. Nd5 Be5 12. c3 Nc6 13. Nxc6 Bxc6 14. Qg4 b5 15.
Bd3 Bd7 16. Qe2 Re8 17. Rab1 c6 18. Ne3 Qf6 0-1

[Event "AUTO-ADV-4413"]
[Site "http://www.queenalice.com/game.php?id=1630705"]
[Date "2020.10.23"]
[Round "1"]
[White "bishoprknight"]
[Black "sia"]
[Result "0-1"]
[WhiteElo "1741"]
[BlackElo "1775"]

1. e4 e5 2. Nf3 d6 3. d4 exd4 4. Nxd4 Nc6 5. Nxc6 bxc6 6. Nc3 Nf6 7. Bd3 Be7 8.
O-O O-O 9. Bg5 h6 10. Bxf6 Bxf6 11. Re1 Be5 12. Qd2 Qh4 13. g3 Qh5 14. Rab1 f5
15. Bc4+ Kh8 16. Be2 Qh3 17. f4 Bxc3 18. Qxc3 c5 19. Bf1 Qg4 20. Be2 Qg6 21. Bd3
Qg4 22. exf5 Bxf5 23. Bxf5 Rxf5 24. Qe3 Raf8 25. Rf1 Qg6 26. Kh1 Rh5 27. Qg1
Qxc2 28. Qg2 Qxg2+ 29. Kxg2 Rb8 30. Rfe1 Rd5 31. Re7 Rd2+ 32. Kh3 Rbxb2 33. Rxb2
Rxb2 34. Rxc7 Rxa2 35. Rc8+ Kh7 36. Rd8 Ra6 37. Kg2 c4 38. Rc8 d5 0-1

[Event "AUTO-ADV-4413"]
[Site "http://www.queenalice.com/game.php?id=1630706"]
[Date "2020.10.23"]
[Round "1"]
[White "sia"]
[Black "bishoprknight"]
[Result "0-1"]
[WhiteElo "1821"]
[BlackElo "1707"]

1. e4 c5 2. d3 Nc6 3. Nf3 d6 4. Be2 Nf6 5. O-O e6 6. Nc3 Be7 7. Bg5 O-O 8. h3 h6
9. Bh4 b6 10. a3 Bb7 11. Nh2 Nd4 12. Qd2 Nxe4 13. Bxe7 Nxd2 14. Bxd8 Nxf1 15.
Be7 Rfe8 16. Bxd6 Nxh2 17. Bxh2 Nxc2 18. Rc1 Nd4 19. Bd1 Ba6 20. Ba4 b5 21. Bd1
b4 22. axb4 cxb4 23. Na2 b3 24. Nb4 Bb5 25. Be5 a5 26. Bxd4 axb4 27. Bxb3 Bxd3
28. Rd1 Ba6 29. Bc5 Reb8 30. Rd4 Rb5 31. Bxb4 Rab8 32. Bxe6 Rxb4 33. Rd6 Bc4 34.
Bxc4 Rxc4 35. b3 Rxb3 36. Kh2 Rc2 37. f4 Rbb2 38. f5 Rxg2+ 39. Kh1 Rh2+ 40. Kg1
Rxh3 41. Rd8+ Kh7 42. Rd7 f6 43. Rd5 Ra3 44. Rd1 Rf3 45. Rf1 Rxf1+ 46. Kxf1 Rb5
47. Kg2 Rxf5 48. Kg3 Rg5+ 49. Kh4 f5 50. Kh3 f4 51. Kh4 f3 52. Kh3 f2 53. Kh2
f1=R 54. Kh3 Rh1# 0-1

[Event "Challenge"]
[Site "http://www.queenalice.com/game.php?id=1647705"]
[Date "2021.3.25"]
[Round "-"]
[White "Nigel68"]
[Black "bishoprknight"]
[Result "0-1"]
[WhiteElo "1445"]
[BlackElo "1754"]

1. g3 e5 2. d4 Nc6 3. Nf3 Bd6 4. d5 Nce7 5. e4 Nf6 6. Qe2 O-O 7. Bg5 Ng6 8. Bxf6
Qxf6 9. Bg2 b6 10. O-O Bb7 11. Na3 Bxa3 12. bxa3 Qd6 13. Qd3 c5 14. dxc6 Qxd3
15. cxd3 Bxc6 16. d4 Bxe4 17. Nxe5 Bxg2 18. Kxg2 Nxe5 0-1